000 00564 a2200229 4500
020 _a0 07 044273 8
041 _aEng
082 _a301.15
_bM992s
100 _aMyers, David G.
245 _aSocial psychology
260 _aNew York
_bMcGraw-Hill Books
_c1983
300 _axii, 674p.
_bfigs.
504 _aBibliography: p. 583-648
518 _a27/11/2010
650 _aPsychology
650 _aPersuasion
650 _aSocial thinking
650 _aSocial influence
650 _aSocial behaviour
653 _aSocial psychology
942 _2ddc
_cGEN
999 _c47606
_d47606